Contouring A Guide to The Analysis & Display of Spatial Data (Record no. 25553)

MARC details
000 -LEADER
fixed length control field 00400nam a22001577a 4500
003 - CONTROL NUMBER IDENTIFIER
control field OSt
005 - DATE AND TIME OF LATEST TRANSACTION
control field 20211231134120.0
008 - FIXED-LENGTH DATA ELEMENTS--GENERAL INFORMATION
fixed length control field 211231b |||||||| |||| 00| 0 eng d
020 ## - INTERNATIONAL STANDARD BOOK NUMBER
International Standard Book Number 00804022860
040 ## - CATALOGING SOURCE
Transcribing agency H.U
082 ## - DEWEY DECIMAL CLASSIFICATION NUMBER
Classification number 005.4
100 ## - MAIN ENTRY--PERSONAL NAME
Personal name Watson.F
9 (RLIN) 26621
245 ## - TITLE STATEMENT
Title Contouring A Guide to The Analysis & Display of Spatial Data
260 ## - PUBLICATION, DISTRIBUTION, ETC.
Place of publication, distribution, etc. U.S.A
Name of publisher, distributor, etc. pergamon
Date of publication, distribution, etc. 1992
942 ## - ADDED ENTRY ELEMENTS (KOHA)
Source of classification or shelving scheme Dewey Decimal Classification
Koha item type Books like text book referance book
Suppress in OPAC No
Holdings
Withdrawn status Lost status Source of classification or shelving scheme Damaged status Not for loan Home library Current library Shelving location Date acquired Total Checkouts Full call number Barcode Date last seen Copy number Price effective from Koha item type
    Dewey Decimal Classification     IoT Library IoT Library General Stacks 12/31/2021   005.4/WAT/1992 IOTL0002489 12/31/2021 1 12/31/2021 Books like text book referance book
    Dewey Decimal Classification     IoT Library IoT Library General Stacks 12/31/2021   005.4/WAT/1992 IOTL0002490 12/31/2021 2 12/31/2021 Books like text book referance book
    Dewey Decimal Classification     IoT Library IoT Library General Stacks 12/31/2021   005.4/WAT/1992 IOTL0002491 12/31/2021 3 12/31/2021 Books like text book referance book